00806nam a2200169 i 450000100060000000300090000600500170001500700030003200800410003510000250007624501530010126000550025430000290030950502330033870000440057185200210061537661ES-MaACL20250727071244.0t|030221s1863 sp ||||1| spa d1 aCaballero, Fernán.13aUn servilón y un liberalito o Tres almas de Dios / cFernán Caballero (seud. de Cecilia Boehl de Faber) ; prólogo de Antonio Aparisi Guijarro. aMadrid : b[s.n.], c1863 (fEst. tip. de Mellado) aXVIII, 247 p. ; c18 cm.8 aContiene además: Pág. 101 : El ex-voto. Pág 153 : Matrimonio bien avenido junto al marido. Pág 183: Promesa de un soldado a la Virgen del Carmen. Pág 205 : El Alcázar de Sevilla. Pág 227 : Un sermón bajo naranjos1 aAparisi y Guijarro, Antonio,d1815-1872 aES-MaACLjD-3125